000 00200 a2200097 4500
001 1191
100 _aSteeds, W.
245 _aMechanics of road vehicles
260 _a
_bIliffe
_c
090 _c753
_d753
942 _aNUST-CAE
_cM
_c34189
999 _c236264
_d236264